International security management and the United Nations / (Record no. 13495)
[ view plain ]
| 000 -LEADER | |
|---|---|
| fixed length control field | 01437cam a2200325 a 4500 |
| 001 - CONTROL NUMBER | |
| control field | 739655 |
| 005 - DATE AND TIME OF LATEST TRANSACTION | |
| control field | 20041208183859.0 |
| 008 - FIXED-LENGTH DATA ELEMENTS--GENERAL INFORMATION | |
| fixed length control field | 990224s1999 ja b 101 0 eng |
| 010 ## - LIBRARY OF CONGRESS CONTROL NUMBER | |
| LC control number | 99006178 |
| 020 ## - INTERNATIONAL STANDARD BOOK NUMBER | |
| International Standard Book Number | 9280810014 (pbk.) |
| 040 ## - CATALOGING SOURCE | |
| Original cataloging agency | DLC |
| Transcribing agency | DLC |
| Modifying agency | DLC |
| 042 ## - AUTHENTICATION CODE | |
| Authentication code | pcc |
| 050 00 - LIBRARY OF CONGRESS CALL NUMBER | |
| Classification number | JZ5588 |
| Item number | .I58 1999 |
| 082 00 - DEWEY DECIMAL CLASSIFICATION NUMBER | |
| Classification number | 341.523 |
| Edition number | 21 |
| Item number | INT |
| 245 00 - TITLE STATEMENT | |
| Title | International security management and the United Nations / |
| Statement of responsibility, etc | edited by Muthiah Alagappa and Takashi Inoguchi. |
| 260 ## - PUBLICATION, DISTRIBUTION, ETC. (IMPRINT) | |
| Place of publication, distribution, etc | Tokyo ; |
| -- | New York : |
| Name of publisher, distributor, etc | United Nations University Press, |
| Date of publication, distribution, etc | c1999. |
| 300 ## - PHYSICAL DESCRIPTION | |
| Extent | vii, 489 p. ; |
| Dimensions | 24 cm. |
| 440 #4 - | |
| -- | The United Nations system in the 21st century |
| -- | 11849 |
| 500 ## - GENERAL NOTE | |
| General note | "The papers in this volume were presented at a symposium hosted by the United Nations University in Tokyo on 8 and 9 November 1996"--P. 1. |
| 500 ## - GENERAL NOTE | |
| General note | Includes Index. |
| 504 ## - BIBLIOGRAPHY, ETC. NOTE | |
| Bibliography, etc | Includes bibliographical references. |
| 610 20 - SUBJECT ADDED ENTRY--CORPORATE NAME | |
| Corporate name or jurisdiction name as entry element | United Nations |
| Form subdivision | Congresses. |
| 9 (RLIN) | 11850 |
| 650 #0 - SUBJECT ADDED ENTRY--TOPICAL TERM | |
| Topical term or geographic name as entry element | Security, International |
| Form subdivision | Congresses. |
| 9 (RLIN) | 11851 |
| 700 1# - ADDED ENTRY--PERSONAL NAME | |
| Personal name | Alagappa, Muthiah. |
| 9 (RLIN) | 11852 |
| 700 1# - ADDED ENTRY--PERSONAL NAME | |
| Personal name | Inoguchi, Takashi. |
| 9 (RLIN) | 11853 |
| 710 1# - ADDED ENTRY--CORPORATE NAME | |
| Corporate name or jurisdiction name as entry element | United Nations University. |
| 9 (RLIN) | 11854 |
| 942 ## - ADDED ENTRY ELEMENTS (KOHA) | |
| Source of classification or shelving scheme | Dewey Decimal Classification |
| Item type | Book - Borrowing |
| Withdrawn status | Item status | Source of classification or shelving scheme | Damaged status | Not for loan | Vendor | Home library | Current library | Shelving location | Date acquired | Source of acquisition | Cost, normal purchase price | Serial Enumeration / chronology | Total Checkouts | Total Renewals | Full call number | Barcode | Date last seen | Date last borrowed | Koha item type |
|---|---|---|---|---|---|---|---|---|---|---|---|---|---|---|---|---|---|---|---|
| Dewey Decimal Classification | MERIC | Central Library | Central Library | First floor | 24/02/2010 | 235.00 | 10029 | 4 | 3 | 341.523 INT | 000019887 | 15/07/2025 | 01/04/2017 | Book - Borrowing |